Nezničiteľný, neodolateľný, nezmieriteľný

Bibliographic Details
Main Authors: Darovec, Peter, 1970- (Author), Kolenič, Ivan, 1965- (Author)
Format: Article
Language:Slovak
Subjects:

MARC

LEADER 00000nab a2200000 a 4500
001 vtls000509501
003 SK-MaSNL
005 20260304094904.0
008 250425c1994 xo 0 slo
015 |a SNBRB19rr/mm-uuuuu 
035 |a CL0509639 
035 |a urn:nbn:sk:snk-abbo67 
035 |a (urnnbn)urn:nbn:sk:snk:ar-002m3y 
035 |a (uuid)62b18abb-6c3d-41b5-b073-57d09ccb5863 
040 |a SNKBUCL  |b slo  |c SNKBUCL  |e AACR2 
041 0 |a slo 
044 |a xo  |c SK 
080 |a 82.09:885.4-3(048)  |2 1981 
080 |a 885.4-3(048)  |2 1981 
100 1 |a Darovec, Peter,  |d 1970-  |4 aut  |9 228274 
245 1 0 |a Nezničiteľný, neodolateľný, nezmieriteľný  |c Peter Darovec 
500 |a Pod spoloč. názvom Štyri pohľady na... 
650 0 7 |a novely psychologické  |2 snkbucl  |9 898706 
655 7 |a články z novín a časopisov  |2 snkbucl  |9 267496 
700 1 |a Kolenič, Ivan,  |d 1965-  |4 aut  |9 90000 
773 0 |t Dotyky  |g Roč. 6, č. 1-2 (1994), s. 42 
787 0 8 |i Rec.:  |a Kolenič, Ivan  |t Porušenie raja  |d Bratislava : Slovenský spisovateľ, 1993 
850 |a Slovenská národná knižnica 
852 |a Slovenská národná knižnica 
958 |a article15 
958 |a OND 
958 |a RK 
958 |a LX 
958 |a EUIPO 
992 |a RBX 
999 |c 2829507  |d 2831437